| 000 | 00807nam a2200241 a 4500 | ||
|---|---|---|---|
| 005 | 20240919063736.0 | ||
| 008 | 991125s1987 mx 000 0 spa u | ||
| 020 | _a9682914116 | ||
| 035 | _aUPN01000028283 | ||
| 040 |
_aMX-MxUPN _bspa _cMX-MxUPN |
||
| 050 | 4 |
_aPQ7104 _bL57 no.91 |
|
| 100 | 1 |
_aSemo, Enrique _929998 |
|
| 245 | 1 | 0 |
_aHistoria del capitalismo en México / _cEnrique Semo. |
| 250 | _aPrimera edición | ||
| 260 |
_aMéxico : _bEra : _bSecretaría de Educación Pública, Subsecretaría de Cultura, _c1987. |
||
| 300 |
_a281 páginas : _bilustraciones |
||
| 490 |
_aLecturas mexicanas. Segunda serie ; _v91 |
||
| 650 | 4 |
_aCapitalismo _96436 |
|
| 651 | 4 |
_aMéxico _xCondiciones económicas _95661 |
|
| 651 | 4 |
_aMéxico _xCondiciones sociales _94559 |
|
| 905 | _aLibro | ||
| 942 |
_2lcc _cLIBRO |
||
| 999 |
_c28283 _d28283 |
||